| 000 | 00000nam 2200000zi 4500 |
| 001 | 9.944774 |
| 003 | CaOODSP |
| 005 | 20250820133706 |
| 006 | m o d f |
| 007 | cr mn||||||||| |
| 008 | 241101t20242024bccab ob f000 0 eng d |
| 020 | |a9780660743004 |
| 040 | |aCaOODSP|beng|erda|cCaOODSP |
| 041 | 0 |aeng|beng|bfre |
| 043 | |an-cn-bc|apn----- |
| 045 | |ay1y1 |
| 086 | 1 |aFs97-13/1412E-PDF |
| 100 | 1 |aJung, Yeongha, |eauthor. |
| 245 | 10|aJuvenile Pacific salmon (Oncorhynchus spp.) trawl survey on the south coast of British Columbia, March 1 to March 13, 2012 / |cby Yeongha Jung, Amy M. Tabata, Kelsey L. Flynn, Tyler B. Zubkowski, and Jackie R. King. |
| 264 | 1|aNanaimo, British Columbia : |bPacific Biological Station, Fisheries and Oceans Canada, |c2024. |
| 264 | 4|c©2024 |
| 300 | |a1 online resource (vi, 33 pages) : |billustrations, maps (some colour). |
| 336 | |atext|btxt|2rdacontent |
| 337 | |acomputer|bc|2rdamedia |
| 338 | |aonline resource|bcr|2rdacarrier |
| 490 | 1 |aCanadian data report of fisheries and aquatic sciences, |x1488-5395 ; |v1412 |
| 504 | |aIncludes bibliographical references (page 5). |
| 520 | 3 |a"Fisheries and Oceans Canada (DFO) conducted a surface trawl survey from March 1 to March 13, 2012 on the CCGS W.E. Ricker. This study targeted juvenile Pacific Salmon (Oncorhynchus spp.) in southern British Columbia (BC). There were 4,375 individuals caught from 15 species in 55 tows. Pacific Herring was the most abundant species with 61% of the total catch. Juvenile salmon species caught in decreasing abundance by count were: Coho Salmon, Chinook Salmon, Sockeye Salmon and Chum Salmon, with catch distribution varying by species. Biological samples for genetic stock composition, otoliths, and coded wire tags were returned to the Pacific Biological Station (DFO, Nanaimo, BC). Associated information on the physical oceanography (57 locations), water samples for chemistry and chlorophyll a along with zooplankton samples (56 locations) were returned to the Institute of Ocean Sciences (DFO, Sidney, BC)"--Abstract, page v. |
| 546 | |aIncludes abstracts in English and French. |
| 650 | 0|aPacific salmon|xInfancy|zBritish Columbia|zPacific Coast. |
| 650 | 0|aFish surveys|zBritish Columbia|zPacific Coast. |
| 650 | 0|aEcological surveys|zBritish Columbia|zPacific Coast. |
| 650 | 6|aSaumoneau du Pacifique|zColombie-Britannique|zPacifique, Côte du. |
| 650 | 6|aInventaires ichtyologiques|zColombie-Britannique|zPacifique, Côte du. |
| 650 | 6|aInventaires écologiques|zColombie-Britannique|zPacifique, Côte du. |
| 710 | 1 |aCanada. |bDepartment of Fisheries and Oceans, |eissuing body. |
| 710 | 2 |aPacific Biological Station (1972- ), |eissuing body. |
| 830 | #0|aCanadian data report of fisheries and aquatic sciences ;|v1412.|w(CaOODSP)9.505124 |
| 856 | 40|qPDF|s677 KB|uhttps://publications.gc.ca/collections/collection_2024/mpo-dfo/Fs97-13-1412-eng.pdf |